Network Norwich - Statistics

General Stats
  • This quiz has been taken 5 times
  • The average score is 7 of 44
Answer Stats
Route Colour Terminus 1 Terminus 2 % Correct
- Attleborough -
50%
Blue (26A) Bowthorpe -
50%
Green (14) Dussindale -
50%
Yellow (X29) Fakenham -
50%
- Heartsease -
50%
- Lakenham -
50%
Purple (39) Mile Cross -
50%
- Poringland -
50%
Red (24) Queen's Hills -
50%
Turquoise (13) Spixworth -
50%
- Thorpe St Andrew -
50%
Blue (25) UEA -
50%
- Wymondham -
50%
Green (15) Blofield -
0%
- Bungay -
0%
- City -
0%
- City -
0%
- City -
0%
Charcoal (40) City -
0%
Charcoal (41) City -
0%
Charcoal (X41) City -
0%
- Halesworth -
0%
- Harleston -
0%
Purple (37) Hellesdon -
0%
- Hethersett -
0%
Purple (36) Horsford -
0%
Purple (36A/B) Horsford -
0%
Pink (11/12) Hoveton -
0%
Purple (38) Ives Road -
0%
Green (16) Lingwood -
0%
- Long Stratton -
0%
Red (23) Longwater -
0%
- Mulbarton -
0%
Orange (21) NUUH -
0%
Blue (26) NUUH -
0%
- Old Catton -
0%
- Rail Station -
0%
- Rail Station -
0%
- Rail Station -
0%
- Silfield -
0%
- Silfield -
0%
Yellow (29) Taverham -
0%
Yellow (28) Thorpe Marriott -
0%
- UTCN -
0%
No matching quizzes found
Score Distribution
Percent of People with Each Score
Percentile by Number Answered
Your Score History
You have not taken this quiz